Political finance regimes, political corruption and party system institutionalization in Southeast Asia
Saved in:
| Main Author: | |
|---|---|
| Format: | Chapter/Article |
| Language: | English |
| Published: |
2021
|
| In: |
Political corruption and organizational crime
Year: 2021, Pages: 89-121 |
| Online Access: |
|
| Author Notes: | Aurel Croissant |
MARC
| LEADER | 00000caa a2200000 c 4500 | ||
|---|---|---|---|
| 001 | 1782424113 | ||
| 003 | DE-627 | ||
| 005 | 20220820095315.0 | ||
| 007 | tu | ||
| 008 | 211217s2021 xx ||||| 00| ||eng c | ||
| 035 | |a (DE-627)1782424113 | ||
| 035 | |a (DE-599)KXP1782424113 | ||
| 035 | |a (OCoLC)1341436475 | ||
| 040 | |a DE-627 |b ger |c DE-627 |e rda | ||
| 041 | |a eng | ||
| 084 | |a 14 |2 sdnb | ||
| 100 | 1 | |a Croissant, Aurel |d 1969- |e VerfasserIn |0 (DE-588)120357321 |0 (DE-627)080624138 |0 (DE-576)178221074 |4 aut | |
| 245 | 1 | 0 | |a Political finance regimes, political corruption and party system institutionalization in Southeast Asia |c Aurel Croissant |
| 264 | 1 | |c 2021 | |
| 300 | |a 33 | ||
| 336 | |a Text |b txt |2 rdacontent | ||
| 337 | |a ohne Hilfsmittel zu benutzen |b n |2 rdamedia | ||
| 338 | |a Band |b nc |2 rdacarrier | ||
| 773 | 0 | 8 | |i Enthalten in |t Political corruption and organizational crime |d Wiesbaden : Springer VS, 2021 |g (2021), Seite 89-121 |h x, 425 Seiten |w (DE-627)1757842411 |z 9783658343736 |z 3658343737 |7 nnam |a Political finance regimes, political corruption and party system institutionalization in Southeast Asia |
| 773 | 1 | 8 | |g year:2021 |g pages:89-121 |g extent:33 |a Political finance regimes, political corruption and party system institutionalization in Southeast Asia |
| 776 | 0 | 8 | |i Erscheint auch als |n Online-Ausgabe |a Croissant, Aurel, 1969 - |t Political finance regimes, political corruption and party system institutionalization in Southeast Asia |d 2021 |w (DE-627)1782421238 |z 9783658343743 |
| 951 | |a AR | ||
| 992 | |a 20211217 | ||
| 993 | |a BookComponentPart | ||
| 998 | |g 120357321 |a Croissant, Aurel |m 120357321:Croissant, Aurel |d 180000 |d 180500 |e 180000PC120357321 |e 180500PC120357321 |k 0/180000/ |k 1/180000/180500/ |p 1 |x j |y j | ||
| 999 | |a KXP-PPN1782424113 |e 4021535144 | ||
| BIB | |a Y | ||
| JSO | |a {"name":{"displayForm":["Aurel Croissant"]},"id":{"eki":["1782424113"]},"language":["eng"],"origin":[{"dateIssuedKey":"2021","dateIssuedDisp":"2021"}],"physDesc":[{"extent":"33 S."}],"person":[{"display":"Croissant, Aurel","role":"aut","family":"Croissant","given":"Aurel"}],"type":{"bibl":"chapter"},"recId":"1782424113","title":[{"title":"Political finance regimes, political corruption and party system institutionalization in Southeast Asia","title_sort":"Political finance regimes, political corruption and party system institutionalization in Southeast Asia"}],"relHost":[{"note":["Literaturangaben"],"corporate":[{"role":"pbl","display":"Springer Fachmedien Wiesbaden"}],"title":[{"title_sort":"Political corruption and organizational crime","title":"Political corruption and organizational crime","subtitle":"the grey fringes of democracy and private economy"}],"name":{"displayForm":["Elizangela Valarini, Markus Pohlmann, Subrata Mitra (editors)"]},"language":["eng"],"part":{"text":"(2021), Seite 89-121","extent":"33","pages":"89-121","year":"2021"},"origin":[{"publisherPlace":"Wiesbaden ; [Heidelberg]","dateIssuedDisp":"[2021]","publisher":"Springer VS","dateIssuedKey":"2021"}],"physDesc":[{"noteFormat":"21 cm x 14.8 cm","noteIll":"Illustrationen, Diagramme","extent":"x, 425 Seiten"}],"person":[{"role":"edt","family":"Valarini","given":"Elizângela","display":"Valarini, Elizângela"},{"display":"Pohlmann, Markus","family":"Pohlmann","given":"Markus","role":"edt"},{"family":"Mitra","given":"Subrata Kumar","role":"edt","display":"Mitra, Subrata Kumar"}],"type":{"bibl":"edited-book"},"recId":"1757842411","id":{"isbn":["9783658343736","3658343737"],"eki":["1757842411"]},"disp":"Political finance regimes, political corruption and party system institutionalization in Southeast AsiaPolitical corruption and organizational crime"}]} | ||
| SRT | |a CROISSANTAPOLITICALF2021 | ||